000 00809cam a2200265 a 4500
005 20260322212037.0
008 data
010 _a 81047503
020 _a0394509692 :
_c{dollar}15.00
020 _a9780394509693 :
_c{dollar}15.00
040 _aDLC
_cDLC
_dDLC
043 _aa------
050 0 0 _aBP63.A1
_bN35 1981
082 0 0 _a297/.095
_219
092 _a297.095 N35 1981
100 1 _aNaipaul, V. S.
_d1932-
_q(Vidiadhar Surajprasad),
245 1 0 _aAmong the believers :
_ban Islamic journey /
_cV. S. Naipaul.
250 _a1st ed.
260 _aNew York :
_bKnopf,
_c1981.
300 _aviii, 430 p. ;
_c22 cm.
600 1 0 _aNaipaul, V. S.
_q(Vidiadhar Surajprasad),
_d1932-
_xTravel
_zIslamic countries.
650 0 _aIslam
_zAsia.
651 0 _aIslamic countries
_xDescription and travel.
001 data
999 _c858
_d858